000 00452nam a22001577a 4500
999 _c4232
_d4232
003 GBCCL
005 20241126110514.0
008 180117b xxu||||| |||| 00| 0 eng d
040 _cgbc
082 _a268.432
_bRIV
100 _aRives, Elsie
_98026
245 _aBible Teaching for Children through the Sunday School /
_cElsie Rives & Ann Tonks
260 _aNashville:
_bConvention Press,
_c1984
300 _a159 p.;
_bill.,
_c20 cm.
942 _2ddc
_cBK
_01